Phase composition of atmospheric dust collected at different heights

Elmentve itt :
Bibliográfiai részletek
Szerzők: Jablonska M.
Janeczek Jutta
Testületi szerző: ENVIMIN 2000 Symposium on Environmental mineralogy (2000) (Budapest)
Dokumentumtípus: Cikk
Megjelent: Szegedi Egyetem Ásványtani, Geokémiai és Kőzettani Tanszéke Szeged 2000
Sorozat:Acta mineralogica-petrographica 41
Kulcsszavak:Légkör összetétele - előadáskivonat, Földtan - előadáskivonat
Tárgyszavak:
Online Access:http://acta.bibl.u-szeged.hu/25050
LEADER 00978nab a2200229 i 4500
001 acta25050
005 20220728144821.0
008 161017s2000 hu o 0|| eng d
022 |a 0365-8066 
040 |a SZTE Egyetemi Kiadványok Repozitórium  |b hun 
041 |a eng 
100 1 |a Jablonska M. 
245 1 0 |a Phase composition of atmospheric dust collected at different heights  |h [elektronikus dokumentum] /  |c  Jablonska M. 
260 |a Szegedi Egyetem Ásványtani, Geokémiai és Kőzettani Tanszéke  |b Szeged  |c 2000 
300 |a 40 
490 0 |a Acta mineralogica-petrographica  |v 41 
650 4 |a Természettudományok 
650 4 |a Föld- és kapcsolódó környezettudományok 
695 |a Légkör összetétele - előadáskivonat, Földtan - előadáskivonat 
700 0 1 |a Janeczek Jutta  |e aut 
710 |a ENVIMIN 2000 Symposium on Environmental mineralogy (2000) (Budapest) 
856 4 0 |u http://acta.bibl.u-szeged.hu/25050/1/mineralogica_041_suppl_b_040.pdf  |z Dokumentum-elérés